Loading...
| Science - Physics | 0 | 7 | 0 | 0 | 70 | 98 | 118.43 | 1 | 7 | 0.00 | 0.00 |
| Fine Arts - Classical Music | 0 | 6 | 2 | 0 | 50 | 46 | 95.17 | 3 | 6 | 0.00 | 0.00 |
| Science - Biology | 0 | 3 | 0 | 0 | 30 | 82 | 92.33 | 2 | 2 | 0.00 | 0.00 |
| Social Science | 0 | 2 | 0 | 0 | 20 | 48 | 74.00 | 1 | 1 | 0.00 | 0.00 |
| Science - Other | 0 | 2 | 1 | 0 | 15 | 85 | 90.50 | 1 | 1 | 0.00 | 0.00 |
| Other Academic | 0 | 1 | 0 | 0 | 10 | 122 | 122.00 | 0 | 1 | 0.00 | 0.00 |
| History - American | 0 | 1 | 0 | 0 | 10 | 96 | 96.00 | 1 | 1 | 0.00 | 0.00 |
| Science - Chemistry | 0 | 1 | 1 | 1 | 5 | 115 | 115.00 | 0 | 0 | 0.00 | 0.00 |
| Fine Arts - Painting and Sculpture | 0 | 0 | 0 | 0 | 0 | 0.00 | 0 | 0 | 0.00 | 0.00 | |
| Literature - European | 0 | 0 | 0 | 0 | 0 | 0.00 | 0 | 0 | 0.00 | 0.00 |